| 000 | 02469aam a2200361 i 4500 | ||
|---|---|---|---|
| 001 | 768714001 | ||
| 003 | CO-MdFUSB | ||
| 005 | 20240416120940.0 | ||
| 007 | cr aa uaaaa | ||
| 008 | 240416t2012 sp |||| |||| 00| 0 spa d | ||
| 020 |
_a9788433017413 _q[electrónico] |
||
| 040 | _cCO-MdFUSB | ||
| 041 | 0 | _aspa | |
| 082 | 0 | 4 | _a226 |
| 100 |
_aRiera i Figueras, Francesc, _eautor |
||
| 245 | 1 |
_aJesús de Nazaret: el evangelio de Lucas (I), escuela de justicia y misericordia : _buna historia de Dios subversiva y fascinante _c/ Francesc Riera i Figueras _h[electrónico] |
|
| 264 | 1 |
_bDesclée de Brouwer, _aBilbao, España : _c[2012] |
|
| 264 | 4 | _c©2012 | |
| 300 | _a270 páginas | ||
| 336 |
_2rdacontent _atexto _btxt |
||
| 337 |
_2rdamedia _ainformático _bc |
||
| 338 |
_2rdacarrier _aremoto _bcr |
||
| 505 |
_tPrimera parte: Jesús en Galilea _aUna buena noticia en Nazaret y en Cafarnaúm. -- Primeros enfrentamientos. -- La comunidad alternativa del reino. -- E l reino de Dios ha llegado y rompe toda Frontera. -- Acoger la palabra, un test al lector. -- Por medio de los milagros Jesús fortalece y Purifica la fe. -- La gran pregunta: “pero ... ¿Quién es éste?” |
||
| 505 |
_tSegunda parte: Subida de Jesús a Jerusalén: _aPrimera etapa del viaje: Camino de Jesús “con” discípulos. -- Camino hacia el reino por dos vías inseparables. -- Un camino con oposición (pero también con seguidores). -- Un largo discurso al final de la primera etapa. -- Segunda etapa: Cinco lecciones magistrales (i): realismo. -- Urbanidad cristiana. -- un control de calidad. -- Cinco lecciones magistrales (ii): Misericordia. -- La gran oportunidad para el reino. – Codicia. -- La gran dificultad. --Tercera etapa: El cuándo y el cómo de la llegada del reino Cuarta etapa: Jerusalén a la vista: Seis actitudes para acoger el reino. -- Epílogo: Jesús de Nazaret, una historia de Dios subversiva y fascinante |
||
| 506 | _aSolicitar clave y usuario para acceder al libro electrónico. | ||
| 630 | 0 | 7 |
_aBiblia. _pNuevo Testamento _xCrítica, interpretación, etc. |
| 630 | 0 | 7 |
_aBiblia. _vLucas |
| 856 |
_b855567 _uhttps://web.p.ebscohost.com/ehost/detail/detail?vid=4&sid=94f3c790-7abc-43b1-b9e9-a632ad828e93%40redis&bdata=Jmxhbmc9ZXMmc2l0ZT1laG9zdC1saXZl#AN=855567&db=nlebk _zAbrir Versión electrónica del libro AQUÍ |
||
| 942 | _cBK | ||
| 945 | _aJTF-925 | ||
| 999 |
_c69330 _d69330 |
||